000 00935nam a22002417a 4500
999 _c80392
_d317669
003 OSt
005 20220625160057.0
008 220625b2016 jo ||||g |||| 00| 0 ara d
020 _a9789957603557
040 _aMa-Un
_cMa-Un
082 _221
_a658.4012
_bس م إ
100 _aسعيد، محمد نمر.
_992298
245 _aالإدارة بالأهداف وتقييم الأداء الإداري /
_c محمد نمر سعيد.
250 _aط. 1.
260 _aعمان، الأردن :
_bدار المستشارون للنشر والتوزيع،
_c2016
_m1437
300 _a200 ص. :
_bايض. ؛
_c24 سم.
504 _aيشتمل على قائمة ببليوجرافية.
650 _aالإدارة بالأهداف.
_992299
650 _aالإدارة الاستراتيجية.
_992300
650 _aالتخطيط الإداري.
_992301
650 _aالقيادة الإدارية.
_992302
942 _2ddc
_cBOOK